How vocabulary is learned (Registro nro. 309116)

Detalles MARC
000 -ENCABEZADO
Número de control [NR] 00827 a2200241 4500
005 - FECHA Y HORA DE LA ÚLTIMA TRANSACCIÓN
control field 20180216084346.0
008 - DE LONGITUD FIJA DE DATOS DE ELEMENTOS - INFORMACIÓN GENERAL
Elementos de longitud fija [NR] 180216s2017 enk||||| |||| 00| 0 eng d
020 ## - NUMERO INTERNACIONAL NORMALIZADO PARA LIBROS [R]
Número Internacional Normalizado del libro [NR] 9780194403559
040 ## - FUENTE DE CATALOGACION [NR]
Agencia de catalogación original [NR] CO-BoUCM
Idioma de catalogación [NR] spa
Quien Cataloga Saul Niño
Quien Clasifica Saul Niño
041 0# - CODIGO DE IDIOMA [R]
Código de idioma para texto/pista de sonido o título separado [R] Inglés
100 10 - ASIENTO PRINCIPAL--NOMBRE PERSONAL [NR]
Nombre personal [NR] Webb, Stuart
ID Autoridad 91405
245 10 - MENCION DE TITULO [NR]
Título [NR] How vocabulary is learned
Mención de responsabilidad, etc. [NR] Stuart Webb and Paul Nation
260 ## - PUBLICACION, DISTRIBUCION, ETC. (PIE DE IMPRENTA) [R]
Nombre del editor, distribuidor, etc. [R] Oxford
Lugar de publicación, distribución, etc. [R] Oxford University Press
Fecha de publicación, distribución, etc. [R] 2017
300 ## - DESCRIPCION FISICA [R]
Extensión [R] xii, 322 páginas
490 0# - MENCION DE SERIE [R]
Mención de serie [R] Oxford Handbooks for language teacher
650 #7 - ASIENTO SECUNDARIO DE MATERIA - TERMINO TEMATICO [R]
9 (RLIN) 26352
Término temático o nombre geográfico como elemento de entrada [NR] Vocabulario
Subdivisión general [R] Inglés
650 #7 - ASIENTO SECUNDARIO DE MATERIA - TERMINO TEMATICO [R]
9 (RLIN) 439
Término temático o nombre geográfico como elemento de entrada [NR] Lingüística aplicada
650 #7 - ASIENTO SECUNDARIO DE MATERIA - TERMINO TEMATICO [R]
Término temático o nombre geográfico como elemento de entrada [NR] Inglés
Subdivisión general [R] Enseñanza
9 (RLIN) 85473
650 #7 - ASIENTO SECUNDARIO DE MATERIA - TERMINO TEMATICO [R]
9 (RLIN) 19449
Término temático o nombre geográfico como elemento de entrada [NR] Métodos de enseñanza
Subdivisión general [R] Inglés
700 10 - ASIENTO SECUNDARIO - NOMBRE PERSONAL [R]
Nombre personal [NR] Nation, Paul
9 (RLIN) 91406
942 ## - ELEMENTOS DE ENTRADA AGREGADOS (KOHA)
Tipo de ítem principal el descrito en 300a Libro de reserva
Sistema de clasificación DEWEY
Tema principal Lingüística
Edición 1
Clasificación 428.0071
Parte restante de la signatura top. W365h
Existencias
Signatura topográfica Código de barras Última vez visto Ejemplar Costo de reposición Price effective from Tipo de ítem Nota pública (OPAC) Perdido Sistema de clasificación Dañado No prestable Tipo de ítem específico Suprimido Ubicación habitual Ubicación actual Localización Fecha de creación Proveedor Forma de adquisición Costo
428.0071 W365h 100156540 03/12/2025 Ej.1 93236.00 15/02/2018 Libro ASK   DEWEY     Libro   Claustro Claustro 4to piso 15/02/2018 19 Compra 93236.00